[Event "SVK Extraliga 2019-20"]
[Site "Slovakia"]
[Date "2019.10.19"]
[Round "1.8"]
[White "Kusiak, Matej"]
[Black "Zvarik, Martin"]
[Result "0-1"]
[WhiteElo "2256"]
[BlackElo "2314"]
[Annotator "NA"]
[PlyCount "133"]
[EventDate "2019.10.19"]
[EventType "team-tourn"]
[EventCountry "SVK"]
[SourceTitle "playchess.com"]
[Source "ChessBase"]
[SourceQuality "1"]
[WhiteTeam "Prakovce"]
[BlackTeam "Zilina"]
[TimeControl "40/5400+30:1800+30"]

1. e4 {[%emt 0:00:00]} e5 {[%emt 0:00:55]} 2. Nf3 {[%emt 0:00:09]} Nc6 {[%emt 0:00:33]} 3. Nc3 {[%emt 0:00:14]} g6 {[%emt 0:02:23]} 4. d4 {[%emt 0:00:45]} exd4 {[%emt 0:00:21]} 5. Nxd4 {[%emt 0:00:05]} Bg7 {[%emt 0:00:22]} 6. Be3 {[%emt 0:00:19]} Nge7 {[%emt 0:07:52]} 7. Qd2 {[%emt 0:02:49]} d6 {[%emt 0:15:11]} 8. O-O-O {[%emt 0:01:55]} Be6 {[%emt 0:03:10]} 9. Nxe6 {[%emt 0:05:09]} fxe6 {[%emt 0:04:44]} 10. f4 {[%emt 0:00:32]} Qd7 {[%emt 0:02:33]} 11. g3 {[%emt 0:00:21]} O-O-O {[%emt 0:06:22]} 12. Bh3 {[%emt 0:01:20]} Kb8 {[%emt 0:01:45]} 13. Nd5 {[%emt 0:01:25]} Nc8 {[%emt 0:01:12]} 14. Rhe1 {[%emt 0:06:21]} Qf7 {[%emt 0:04:48]} 15. Nb4 {[%emt 0:14:32]} N6e7 {[%emt 0:11:02]} 16. c3 {[%emt 0:07:00]} Rhe8 {[%emt 0:02:46]} 17. Qe2 {[%emt 0:08:36]} Nb6 {[%emt 0:05:01]} 18. Bxb6 {[%emt 0:11:22]} axb6 {[%emt 0:00:40]} 19. Qc4 {[%emt 0:00:24]} Nc8 {[%emt 0:02:32]} 20. Kb1 {[%emt 0:03:42]} Re7 {[%emt 0:03:11]} 21. Qb3 {[%emt 0:03:32]} Qe8 {[%emt 0:04:15]} 22. Bf1 {[%emt 0:04:44]} c6 {[%emt 0:02:28]} 23. e5 {[%emt 0:08:33]} dxe5 {[%emt 0:04:06]} 24. Rxd8 {[%emt 0:00:48]} Qxd8 {[%emt 0:00:07]} 25. fxe5 {[%emt 0:00:31]} Rd7 {[%emt 0:03:09]} 26. a4 {[%emt 0:04:04]} Bxe5 {[%emt 0:06:29]} 27. Ka2 {[%emt 0:01:49]} Qf6 {[%emt 0:03:49]} 28. Bc4 {[%emt 0:06:46]} Rd2 {[%emt 0:00:57]} 29. Rf1 {[%emt 0:03:39]} Rf2 {[%emt 0:01:02]} 30. Rxf2 {[%emt 0:00:11]} Qxf2 {[%emt 0:00:04]} 31. Nd3 {[%emt 0:00:26]} Qe3 {[%emt 0:00:27]} 32. Nxe5 {[%emt 0:00:39]} Qxe5 {[%emt 0:00:07]} 33. Bxe6 {[%emt 0:00:04]} Ne7 {[%emt 0:01:12]} 34. Bg8 {[%emt 0:01:39]} Kc7 {[%emt 0:00:24]} 35. Qf7 {[%emt 0:01:09]} h5 {[%emt 0:00:57]} 36. Qe6 {[%emt 0:01:00]} Qxe6+ {[%emt 0:00:19]} 37. Bxe6 {[%emt 0:00:02]} Kd6 {[%emt 0:00:09]} 38. Bf7 {[%emt 0:00:25]} Ke5 {[%emt 0:00:28]} 39. Be8 {[%emt 0:01:48]} Ke4 {[%emt 0:00:27]} 40. Bd7 {[%emt 0:00:33]} Kf3 {[%emt 0:00:22]} 41. Kb3 {[%emt 0:23:51]} Kg2 {[%emt 0:00:28]} 42. h3 {[%emt 0:00:15]} Kxg3 {[%emt 0:00:31]} 43. Kc4 {[%emt 0:00:05]} Nf5 {[%emt 0:21:15]} 44. Kd3 {[%emt 0:01:03]} Kf4 {[%emt 0:02:58]} 45. b4 {[%emt 0:00:30]} Ke5 {[%emt 0:02:53]} 46. Be8 {[%emt 0:01:43]} Ne7 {[%emt 0:01:21]} 47. Kc4 {[%emt 0:01:48]} h4 {[%emt 0:01:48]} 48. Bd7 {[%emt 0:00:43]} Kd6 {[%emt 0:01:24]} 49. Bg4 {[%emt 0:00:15]} Nf5 {[%emt 0:00:40]} 50. Kd3 {[%emt 0:00:22]} Ke5 {[%emt 0:00:17]} 51. Bf3 {[%emt 0:03:58]} Nd6 {[%emt 0:01:01]} 52. a5 {[%emt 0:01:05]} bxa5 {[%emt 0:01:24]} 53. bxa5 {[%emt 0:00:02]} Kf4 {[%emt 0:00:49]} 54. Bg4 {[%emt 0:00:38]} Ke5 {[%emt 0:00:17]} 55. Bf3 {[%emt 0:00:06]} g5 {[%emt 0:00:36]} 56. Bg4 {[%emt 0:01:09]} Kd5 {[%emt 0:00:39]} 57. Be2 {[%emt 0:00:51]} Nf5 {[%emt 0:00:50]} 58. Bg4 {[%emt 0:00:37]} Ne7 {[%emt 0:00:31]} 59. Bd1 {[%emt 0:00:31]} Ng6 {[%emt 0:00:35]} 60. Bb3+ {[%emt 0:00:20]} Ke5 {[%emt 0:00:08]} 61. Kc4 {[%emt 0:00:34]} g4 {[%emt 0:00:44]} 62. Bd1 {[%emt 0:00:37]} gxh3 {[%emt 0:00:24]} 63. Bf3 {[%emt 0:00:08]} Kd6 {[%emt 0:00:38]} 64. Kd4 {[%emt 0:00:15]} h2 {[%emt 0:00:20]} 65. c4 {[%emt 0:00:30]} Nf4 {[%emt 0:00:26]} 66. Ke3 {[%emt 0:00:31]} Nh5 {[%emt 0:00:23]} 67. Kd4 {Ke5+} 0-1

[Event "SVK Extraliga 2019-20"]
[Site "Slovakia"]
[Date "2019.10.19"]
[Round "1.8"]
[White "Motycakova, Monika"]
[Black "Magat, Jozef"]
[Result "1/2-1/2"]
[WhiteElo "2126"]
[BlackElo "2103"]
[Annotator "RC"]
[PlyCount "28"]
[EventDate "2019.10.19"]
[EventType "team-tourn"]
[EventCountry "SVK"]
[SourceTitle "playchess.com"]
[Source "ChessBase"]
[SourceQuality "1"]
[WhiteTeam "Liptovska"]
[BlackTeam "Dunajov"]
[TimeControl "40/5400+30:1800+30"]

1. e4 {[%emt 0:00:00]} Nc6 {[%emt 0:00:00]} 2. d4 {[%emt 0:01:12]} d5 {[%emt 0:00:25]} 3. e5 {[%emt 0:03:12]} Bf5 {[%emt 0:01:23]} 4. Nf3 {[%emt 0:01:31]} e6 {[%emt 0:00:59]} 5. Be2 {[%emt 0:02:16]} f6 {[%emt 0:03:40]} 6. Bf4 {[%emt 0:07:50]} fxe5 {[%emt 0:02:20]} 7. Nxe5 {[%emt 0:01:31]} Nxe5 {[%emt 0:01:05]} 8. Bxe5 {[%emt 0:00:14]} Nf6 {[%emt 0:01:42]} 9. Nd2 {[%emt 0:01:53]} Bd6 {[%emt 0:02:49]} 10. Nf3 {[%emt 0:01:26]} O-O {[%emt 0:01:00]} 11. O-O {[%emt 0:01:37]} Ng4 {[%emt 0:06:58]} 12. Bg3 {[%emt 0:05:57]} Bxg3 {[%emt 0:12:28]} 13. hxg3 {[%emt 0:00:16]} c6 {[%emt 0:03:16]} 14. Qd2 {[%emt 0:10:00]} Qd6 {[%emt 0:02:20]} 1/2-1/2

[Event "SVK Extraliga 2019-20"]
[Site "Slovakia"]
[Date "2019.10.19"]
[Round "1.8"]
[White "Tropp, Lukas"]
[Black "Szucs, Vladimir"]
[Result "1-0"]
[WhiteElo "2106"]
[BlackElo "2158"]
[Annotator "NA"]
[PlyCount "55"]
[EventDate "2019.10.19"]
[EventType "team-tourn"]
[EventCountry "SVK"]
[SourceTitle "playchess.com"]
[Source "ChessBase"]
[SourceQuality "1"]
[WhiteTeam "Kosice"]
[BlackTeam "Podhajska"]
[TimeControl "40/5400+30:1800+30"]

1. e4 {[%emt 0:00:00]} e6 {[%emt 0:00:21]} 2. Nf3 {[%emt 0:00:37]} d5 {[%emt 0:00:11]} 3. Nc3 {[%emt 0:03:23]} Nf6 {[%emt 0:00:21]} 4. e5 {[%emt 0:01:28]} Nfd7 {[%emt 0:00:49]} 5. d4 {[%emt 0:01:17]} c5 {[%emt 0:00:09]} 6. Bg5 {[%emt 0:03:19]} Qb6 {[%emt 0:08:37]} 7. dxc5 {[%emt 0:09:36]} Nxc5 {[%emt 0:03:59]} 8. Bb5+ {[%emt 0:16:55]} Bd7 {[%emt 0:03:41]} 9. a4 {[%emt 0:27:20]} a6 {[%emt 0:06:08]} 10. Bxd7+ {[%emt 0:05:48]} Ncxd7 {[%emt 0:00:23]} 11. O-O {[%emt 0:00:38]} Nc6 {[%emt 0:05:23]} 12. Rb1 {[%emt 0:10:20]} Bc5 {[%emt 0:05:39]} 13. b4 {[%emt 0:01:22]} Be7 {[%emt 0:07:42]} 14. b5 {[%emt 0:02:48]} Na5 {[%emt 0:07:12]} 15. Bxe7 {[%emt 0:00:52]} Kxe7 {[%emt 0:00:06]} 16. bxa6 {[%emt 0:00:44]} Qxa6 {[%emt 0:00:24]} 17. Nb5 {[%emt 0:00:35]} Rac8 {[%emt 0:06:51]} 18. Qd2 {[%emt 0:00:25]} Nc4 {[%emt 0:07:21]} 19. Qg5+ {[%emt 0:01:34]} Kf8 {[%emt 0:01:22]} 20. Rb4 {[%emt 0:03:10]} h6 {[%emt 0:02:51]} 21. Qf4 {[%emt 0:01:19]} g5 {[%emt 0:01:34]} 22. Qg3 {[%emt 0:01:31]} Nc5 {[%emt 0:03:19]} 23. Rxc4 {[%emt 0:01:35]} dxc4 {[%emt 0:00:15]} 24. Nd6 {[%emt 0:00:08]} Rd8 {[%emt 0:04:17]} 25. Nd4 {[%emt 0:00:39]} f5 {[%emt 0:05:05]} 26. Qa3 {[%emt 0:02:35]} Qb6 {[%emt 0:06:20]} 27. a5 {[%emt 0:01:29]} Qc7 {[%emt 0:00:33]} 28. Qxc5 {[%emt 0:00:31]} 1-0

[Event "SVK Extraliga 2019-20"]
[Site "Slovakia"]
[Date "2019.10.19"]
[Round "1.8"]
[White "Pcola, Jaroslav"]
[Black "Takacs, Laszlo"]
[Result "1/2-1/2"]
[WhiteElo "2082"]
[BlackElo "2249"]
[Annotator "NA"]
[PlyCount "92"]
[EventDate "2019.10.19"]
[EventType "team-tourn"]
[EventCountry "SVK"]
[SourceTitle "playchess.com"]
[Source "ChessBase"]
[SourceQuality "1"]
[WhiteTeam "Humenne"]
[BlackTeam "Streda"]
[TimeControl "40/5400+30:1800+30"]

1. e4 {[%emt 0:00:00]} c5 {[%emt 0:00:00]} 2. Nf3 {[%emt 0:00:06]} d6 {[%emt 0:00:38]} 3. Bb5+ {[%emt 0:00:55]} Bd7 {[%emt 0:00:20]} 4. Bxd7+ {[%emt 0:00:44]} Qxd7 {[%emt 0:00:14]} 5. O-O {[%emt 0:00:54]} Nc6 {[%emt 0:01:15]} 6. c3 {[%emt 0:03:26]} Nf6 {[%emt 0:04:33]} 7. Re1 {[%emt 0:00:29]} e6 {[%emt 0:02:13]} 8. d4 {[%emt 0:01:15]} cxd4 {[%emt 0:01:48]} 9. cxd4 {[%emt 0:00:12]} d5 {[%emt 0:00:10]} 10. e5 {[%emt 0:01:09]} Ne4 {[%emt 0:00:48]} 11. Nbd2 {[%emt 0:04:40]} Nxd2 {[%emt 0:01:10]} 12. Bxd2 {[%emt 0:00:31]} Be7 {[%emt 0:02:03]} 13. Rc1 {[%emt 0:03:16]} O-O {[%emt 0:00:54]} 14. Rc3 {[%emt 0:01:05]} Rac8 {[%emt 0:08:00] B52: Sicilian: Moscow Variation with 3...Bd7} (14... Rfc8 15. h4 Bd8 16. Rd3 Qc7 17. Ng5 h6 18. Nh3 Ne7 19. Bc3 b5 20. Nf4 Nf5 21. Qg4 Bxh4 22. Nh5 {½-½ (52) Nakamura,H (2769)-Grischuk,A (2766) Paris 2018}) 15. a3 {[%emt 0:02:24]} b5 {[%emt 0:06:29]} 16. Rd3 {[%emt 0:05:27]} f5 {[%emt 0:15:38]} (16... Qd8 $11) 17. exf6 $1 {[%emt 0:04:08]} Bxf6 {[%emt 0:00:29]} 18. Bg5 $146 {[%emt 0:06:18]} ({Predecessor:} 18. Bc3 a5 19. Re2 b4 20. axb4 axb4 21. Be1 Rb8 22. Rde3 {½-½ (51) Zakic,S (2359)-Boskovic,D (2332) Kragujevac 2000}) 18... Rce8 {[%emt 0:13:20]} 19. Bxf6 {[%emt 0:07:05]} Rxf6 {[%emt 0:00:24]} 20. Ne5 {[%emt 0:07:51]} (20. Rc3 $16) 20... Nxe5 {[%emt 0:00:18]} 21. Rxe5 {[%emt 0:00:21]} Ref8 {[%emt 0:03:54]} 22. f3 {[%emt 0:10:42]} Rc8 {[%emt 0:00:21]} 23. Qd2 {[%emt 0:01:32]} Rc4 {[%emt 0:06:29]} 24. b3 {[%emt 0:02:35]} Rc6 $11 {[%emt 0:02:31]} 25. Rc3 {[%emt 0:13:04]} Rf8 {[%emt 0:11:59]} 26. Rxc6 {[%emt 0:01:56]} Qxc6 {[%emt 0:00:12]} 27. Qe3 {[%emt 0:01:49]} Rf6 {[%emt 0:00:44]} 28. Qd2 {[%emt 0:02:11]} Qb6 {[%emt 0:00:23]} 29. h3 {[%emt 0:08:12]} h6 {[%emt 0:03:07]} 30. Kh1 {[%emt 0:01:00]} Qc7 {[%emt 0:06:03]} 31. Re1 {[%emt 0:01:57]} Qg3 {[%emt 0:04:03]} 32. Qe2 {[%emt 0:00:57]} Qf4 {[%emt 0:01:17]} 33. Rd1 {[%emt 0:03:43]} a6 {[%emt 0:01:13]} 34. a4 {[%emt 0:00:16]} Qb8 {[%emt 0:01:49]} 35. axb5 {[%emt 0:02:40]} axb5 {[%emt 0:00:13]} 36. Rc1 {[%emt 0:00:25]} Qf4 {[%emt 0:02:12]} 37. Rc8+ {[%emt 0:00:42]} Kh7 {[%emt 0:00:04]} 38. Qd3+ {[%emt 0:00:50]} Rg6 {[%emt 0:00:02]} 39. Rc2 {[%emt 0:01:48]} Qf6 {[%emt 0:01:13]} 40. Re2 {[%emt 0:00:30]} Kg8 {[%emt 0:00:41]} 41. Re1 {[%emt 0:02:04]} Qg5 {[%emt 0:01:49]} 42. Qe2 {[%emt 0:01:51]} Kh7 {[%emt 0:07:37]} 43. Qc2 {[%emt 0:03:08]} Kg8 {[%emt 0:01:26]} 44. Qc8+ {[%emt 0:01:02]} Kh7 {[%emt 0:00:07]} 45. Qc2 {[%emt 0:00:04]} Kg8 {[%emt 0:10:06]} 46. Qc8+ {[%emt 0:00:16]} Kh7 {[%emt 0:00:10]} 1/2-1/2

[Event "SVK Extraliga 2019-20"]
[Site "Slovakia"]
[Date "2019.10.20"]
[Round "1.8"]
[White "Bochnickova, Simona"]
[Black "Sobek, Michal"]
[Result "0-1"]
[WhiteElo "1469"]
[BlackElo "2052"]
[Annotator "NA"]
[PlyCount "62"]
[EventDate "2019.10.19"]
[EventType "team-tourn"]
[EventCountry "SVK"]
[SourceTitle "playchess.com"]
[Source "ChessBase"]
[SourceQuality "1"]
[WhiteTeam "Bratislava"]
[BlackTeam "Modra"]
[WhiteTeamCountry "SVK"]
[BlackTeamCountry "SVK"]
[TimeControl "40/5400+30:1800+30"]

1. e4 {[%emt 0:00:00]} c5 {[%emt 0:00:00]} 2. Nf3 {[%emt 0:00:00]} Nc6 {[%emt 0:00:00]} 3. d4 {[%emt 0:00:21]} cxd4 {[%emt 0:00:00]} 4. Nxd4 {[%emt 0:00:09]} g6 {[%emt 0:00:03]} 5. Be3 {[%emt 0:02:38]} Nf6 {[%emt 0:01:24]} 6. Nc3 {[%emt 0:01:03]} Bg7 {[%emt 0:00:09]} 7. f3 {[%emt 0:03:00]} O-O {[%emt 0:00:16]} 8. Qd2 {[%emt 0:00:48]} d5 {[%emt 0:00:26]} 9. e5 {[%emt 0:04:15]} Nxe5 {[%emt 0:01:20]} 10. O-O-O {[%emt 0:00:55]} b6 {[%emt 0:17:51]} 11. Bf4 {[%emt 0:17:57]} Nc4 {[%emt 0:09:45]} 12. Bxc4 {[%emt 0:00:16]} dxc4 {[%emt 0:00:02]} 13. Qe2 {[%emt 0:00:45]} (13. Bh6 $11) 13... Nd5 {[%emt 0:01:38]} 14. Qxc4 {[%emt 0:16:35]} Nxc3 {[%emt 0:14:35]} 15. Qxc3 {[%emt 0:10:03]} Qe8 $15 {[%emt 0:17:00]} 16. Qb4 {[%emt 0:06:30]} a5 {[%emt 0:09:16]} 17. Qxb6 {[%emt 0:09:42]} Qa4 {[%emt 0:02:37]} 18. Qc6 {[%emt 0:03:56]} Qxa2 {[%emt 0:00:24]} 19. Qxa8 {[%emt 0:01:26]} Bxd4 {[%emt 0:00:09]} 20. Rxd4 {[%emt 0:00:52]} Qa1+ {[%emt 0:00:05]} 21. Kd2 {[%emt 0:00:11]} Qxh1 {[%emt 0:00:08]} 22. Qxa5 {[%emt 0:01:36]} Qxg2+ {[%emt 0:00:04]} 23. Ke3 {[%emt 0:00:12]} Qg1+ {[%emt 0:01:31]} 24. Kd3 {[%emt 0:00:44]} Qf1+ {[%emt 0:03:15]} 25. Ke3 {[%emt 0:02:47]} Qg1+ {[%emt 0:00:46]} 26. Kd3 {[%emt 0:00:16]} Bf5+ {[%emt 0:00:27]} 27. Kc3 {[%emt 0:00:45]} Qf2 {[%emt 0:00:46]} 28. Qa4 {[%emt 0:07:37]} Rc8+ {[%emt 0:00:55]} 29. Rc4 {[%emt 0:00:51]} Qxf3+ {[%emt 0:00:13]} 30. Kd2 {[%emt 0:00:52]} Rd8+ {[%emt 0:00:07]} 31. Rd4 {[%emt 0:00:25]} Qxf4+ {[%emt 0:00:06]} 0-1

[Event "SVK Extraliga 2019-20"]
[Site "Slovakia"]
[Date "2019.10.20"]
[Round "2.1"]
[White "Papp, Gabor"]
[Black "Balogh, Csaba"]
[Result "1/2-1/2"]
[WhiteElo "2587"]
[BlackElo "2587"]
[Annotator "ChessBase"]
[PlyCount "44"]
[EventDate "2019.10.19"]
[EventType "team-tourn"]
[EventCountry "SVK"]
[SourceTitle "playchess.com"]
[Source "ChessBase"]
[SourceQuality "1"]
[WhiteTeam "Hungary"]
[BlackTeam "Hungary"]
[WhiteTeamCountry "HUN"]
[BlackTeamCountry "HUN"]
[TimeControl "40/5400+30:1800+30"]

1. e4 {[%emt 0:00:04]} e5 {[%emt 0:00:00]} 2. Nf3 {[%emt 0:00:14]} Nc6 {[%emt 0:00:00]} 3. d4 {[%emt 0:00:12]} exd4 {[%emt 0:00:21]} 4. Nxd4 {[%emt 0:00:07]} Nf6 {[%emt 0:01:16]} 5. Nxc6 {[%emt 0:00:29]} bxc6 {[%emt 0:00:11]} 6. e5 {[%emt 0:01:06]} Qe7 {[%emt 0:01:05]} 7. Qe2 {[%emt 0:00:10]} Nd5 {[%emt 0:00:06]} 8. c4 {[%emt 0:00:57]} Ba6 {[%emt 0:03:54]} 9. b3 {[%emt 0:11:34]} g6 {[%emt 0:01:42]} 10. Ba3 {[%emt 0:03:07]} Nb4 {[%emt 0:06:14]} 11. Bb2 {[%emt 0:02:31]} Bg7 {[%emt 0:02:10]} 12. a3 {[%emt 0:00:17]} Nd5 {[%emt 0:01:11]} 13. Nd2 {[%emt 0:00:30]} O-O {[%emt 0:08:01]} 14. O-O-O {[%emt 0:00:54]} Rfe8 {[%emt 0:05:18]} 15. Qf3 {[%emt 0:02:42]} Nb6 {[%emt 0:02:45]} 16. Ne4 {[%emt 0:00:09]} Bxe5 {[%emt 0:01:43]} 17. Bxe5 {[%emt 0:00:15]} Qxe5 {[%emt 0:00:07]} 18. Nf6+ {[%emt 0:00:25]} Kf8 {[%emt 0:01:53]} 19. Nxe8 {[%emt 0:08:02]} Qa1+ {[%emt 0:04:02]} 20. Kc2 {[%emt 0:01:58]} Qa2+ {[%emt 0:00:08]} 21. Kc1 {[%emt 0:01:27]} Qa1+ {[%emt 0:03:45]} 22. Kc2 {[%emt 0:00:06]} Qa2+ {[%emt 0:00:03]} 1/2-1/2

[Event "SVK Extraliga 2019-20"]
[Site "Slovakia"]
[Date "2019.10.20"]
[Round "2.1"]
[White "Krejci, Jan"]
[Black "Antoniewski, Rafal"]
[Result "1/2-1/2"]
[WhiteElo "2574"]
[BlackElo "2481"]
[Annotator "ChessBase"]
[PlyCount "45"]
[EventDate "2019.10.19"]
[EventType "team-tourn"]
[EventCountry "SVK"]
[SourceTitle "playchess.com"]
[Source "ChessBase"]
[SourceQuality "1"]
[WhiteTeam "Prakovce"]
[BlackTeam "Dunajov"]
[TimeControl "40/5400+30:1800+30"]

1. c4 {[%emt 0:00:00]} g6 {[%emt 0:00:13]} 2. Nc3 {[%emt 0:00:11]} Bg7 {[%emt 0:00:07]} 3. g3 {[%emt 0:01:03]} c5 {[%emt 0:04:17]} 4. Bg2 {[%emt 0:00:22]} Nc6 {[%emt 0:00:06]} 5. Nf3 {[%emt 0:00:07]} Nf6 {[%emt 0:02:41]} 6. d4 {[%emt 0:00:48]} cxd4 {[%emt 0:01:44]} 7. Nxd4 {[%emt 0:00:05]} O-O {[%emt 0:01:37]} 8. O-O {[%emt 0:00:05]} Qa5 {[%emt 0:01:24]} 9. h3 {[%emt 0:12:40]} d6 {[%emt 0:18:48]} 10. e3 {[%emt 0:08:18]} Bd7 {[%emt 0:01:20]} 11. Nb3 {[%emt 0:03:17]} Qb4 {[%emt 0:10:18]} 12. Nd2 {[%emt 0:05:09]} Rac8 {[%emt 0:01:34]} 13. a3 {[%emt 0:00:41]} Qb6 {[%emt 0:04:50]} 14. b3 {[%emt 0:01:03]} Ne5 {[%emt 0:02:59]} 15. Qe2 {[%emt 0:02:19]} Bc6 {[%emt 0:01:50]} 16. Bb2 {[%emt 0:03:10]} Bxg2 {[%emt 0:03:49]} 17. Kxg2 {[%emt 0:00:02]} a6 {[%emt 0:05:46]} 18. Rac1 {[%emt 0:04:41]} Rfe8 {[%emt 0:00:39]} 19. e4 {[%emt 0:02:57]} Ned7 {[%emt 0:05:15]} 20. Rfe1 {[%emt 0:01:46]} h5 {[%emt 0:00:47]} 21. f4 {[%emt 0:04:41]} e5 {[%emt 0:07:41]} 22. f5 {[%emt 0:04:20]} Bh6 {[%emt 0:00:27]} 23. fxg6 {[%emt 0:03:21]} 1/2-1/2

[Event "SVK Extraliga 2019-20"]
[Site "Slovakia"]
[Date "2019.10.20"]
[Round "2.1"]
[White "Babula, Vlastimil"]
[Black "Balog, Imre"]
[Result "1-0"]
[WhiteElo "2559"]
[BlackElo "2566"]
[Annotator "ChessBase"]
[PlyCount "57"]
[EventDate "2019.10.19"]
[EventType "team-tourn"]
[EventCountry "SVK"]
[SourceTitle "playchess.com"]
[Source "ChessBase"]
[SourceQuality "1"]
[WhiteTeam "Snina"]
[BlackTeam "Podhajska"]
[TimeControl "40/5400+30:1800+30"]

1. d4 {[%emt 0:00:00]} Nf6 {[%emt 0:00:00]} 2. c4 {[%emt 0:00:00]} c5 {[%emt 0:00:05]} 3. d5 {[%emt 0:00:07]} b5 {[%emt 0:00:07]} 4. cxb5 {[%emt 0:00:12]} a6 {[%emt 0:00:06]} 5. bxa6 {[%emt 0:00:38]} g6 {[%emt 0:00:24]} 6. Nc3 {[%emt 0:00:55]} Bg7 {[%emt 0:00:21]} 7. a7 {[%emt 0:06:02]} Rxa7 {[%emt 0:00:55]} 8. e4 {[%emt 0:00:31]} O-O {[%emt 0:02:14]} 9. Nf3 {[%emt 0:01:09]} e6 {[%emt 0:16:22]} 10. dxe6 {[%emt 0:10:10]} dxe6 {[%emt 0:00:10]} 11. Qxd8 Rxd8 {[%emt 0:00:05]} 12. Bb5 {[%emt 0:36:04]} Bb7 {[%emt 0:02:29]} 13. Nd2 {[%emt 0:03:53]} Na6 {[%emt 0:01:12]} 14. f3 {[%emt 0:04:04]} Nb4 {[%emt 0:03:00]} 15. O-O {[%emt 0:00:50]} Ne8 {[%emt 0:04:31]} 16. Nb3 {[%emt 0:02:54]} Nc2 {[%emt 0:04:13]} 17. Rb1 {[%emt 0:01:05]} Nd6 {[%emt 0:00:27]} 18. Rd1 {[%emt 0:02:35]} Nd4 {[%emt 0:08:07]} 19. Be3 {[%emt 0:01:49]} Rc8 {[%emt 0:10:23]} 20. Bd7 {[%emt 0:06:03]} Rc7 {[%emt 0:05:04]} 21. Nxd4 {[%emt 0:01:32]} cxd4 {[%emt 0:00:51]} 22. Bxd4 {[%emt 0:00:26]} Bxd4+ {[%emt 0:00:34]} 23. Rxd4 {[%emt 0:00:03]} Rxd7 {[%emt 0:00:34]} 24. Rbd1 {[%emt 0:01:00]} Ra6 {[%emt 0:00:29]} 25. e5 {[%emt 0:00:48]} Bd5 {[%emt 0:00:27]} 26. exd6 {[%emt 0:01:37]} Rdxd6 {[%emt 0:00:26]} 27. b4 {[%emt 0:03:22]} Rdb6 {[%emt 0:00:30]} 28. a4 {[%emt 0:01:09]} Bb3 {[%emt 0:00:56]} 29. b5 {[%emt 0:01:05]} 1-0

[Event "SVK Extraliga 2019-20"]
[Site "Slovakia"]
[Date "2019.10.20"]
[Round "2.1"]
[White "Vetoshko, Volodymyr"]
[Black "Petenyi, Tamas"]
[Result "1-0"]
[WhiteElo "2506"]
[BlackElo "2427"]
[Annotator "ChessBase"]
[PlyCount "77"]
[EventDate "2019.10.19"]
[EventType "team-tourn"]
[EventCountry "SVK"]
[SourceTitle "playchess.com"]
[Source "ChessBase"]
[SourceQuality "1"]
[BlackTeam "Streda"]
[TimeControl "40/5400+30:1800+30"]

1. d4 {[%emt 0:00:00]} g6 {[%emt 0:00:35]} 2. c4 {[%emt 0:00:07]} Bg7 {[%emt 0:00:06]} 3. Nc3 {[%emt 0:00:36]} c6 {[%emt 0:01:59]} 4. e4 {[%emt 0:01:53]} d6 {[%emt 0:01:19]} 5. Be3 {[%emt 0:03:23]} Nf6 {[%emt 0:01:59]} 6. Be2 {[%emt 0:00:12]} Na6 {[%emt 0:01:28]} 7. h3 {[%emt 0:05:33]} O-O {[%emt 0:04:20]} 8. Nf3 {[%emt 0:00:54]} Nc7 {[%emt 0:00:50]} 9. O-O {[%emt 0:01:22]} b6 {[%emt 0:05:21]} 10. Qd2 {[%emt 0:07:12]} Ba6 {[%emt 0:04:59]} 11. a4 {[%emt 0:17:20]} Re8 {[%emt 0:07:40]} 12. Rfd1 {[%emt 0:04:24]} Qb8 {[%emt 0:07:08]} 13. e5 {[%emt 0:04:03]} Nd7 {[%emt 0:00:54]} 14. exd6 {[%emt 0:04:13]} exd6 {[%emt 0:00:06]} 15. Bf4 {[%emt 0:00:08]} Ne6 {[%emt 0:07:48]} 16. Bh2 {[%emt 0:00:27]} c5 {[%emt 0:08:37]} 17. dxc5 {[%emt 0:12:14]} bxc5 {[%emt 0:02:30]} 18. Bxd6 {[%emt 0:04:50]} Qb7 {[%emt 0:02:53]} 19. Nb5 {[%emt 0:01:30]} Nf6 {[%emt 0:02:33]} 20. Qc2 {[%emt 0:06:03]} Ne4 {[%emt 0:05:01]} 21. Bd3 {[%emt 0:03:35]} f5 {[%emt 0:03:11]} 22. Bh2 {[%emt 0:02:59]} Qe7 {[%emt 0:04:56]} 23. Bxe4 {[%emt 0:02:07]} fxe4 {[%emt 0:00:06]} 24. Qxe4 {[%emt 0:00:28]} Bb7 {[%emt 0:01:35]} 25. Qg4 {[%emt 0:00:16]} Bxb2 {[%emt 0:04:17]} 26. Rab1 {[%emt 0:00:49]} Bg7 {[%emt 0:03:10]} 27. Nd6 {[%emt 0:06:21]} Bxf3 {[%emt 0:03:13]} 28. gxf3 {[%emt 0:00:10]} Nd4 {[%emt 0:05:12]} 29. Nxe8 {[%emt 0:00:11]} Rxe8 {[%emt 0:01:23]} 30. Kg2 {[%emt 0:04:04]} Qf7 {[%emt 0:02:20]} 31. Re1 {[%emt 0:01:37]} Rxe1 {[%emt 0:01:06]} 32. Rxe1 {[%emt 0:00:06]} h5 {[%emt 0:00:18]} 33. Qe4 {[%emt 0:01:06]} Kh7 {[%emt 0:00:21]} 34. Qd5 {[%emt 0:00:36]} Qf6 {[%emt 0:01:09]} 35. Re8 {[%emt 0:01:16]} h4 {[%emt 0:01:18]} 36. Qe4 {[%emt 0:02:09]} Nf5 {[%emt 0:00:33]} 37. Be5 {[%emt 0:01:12]} Qg5+ {[%emt 0:02:47]} 38. Qg4 {[%emt 0:00:08]} Qh6 {[%emt 0:00:20]} 39. Bf4 {[%emt 0:00:41]} 1-0